Most Populous 'C' Cities by Continent Quiz Stats

 Plays Quiz Updated Aug 27, 2019

Score 0/6 Timer 02:00
22 Plays Today
% Correct
Chicago
94.8%
Cairo
93.2%
Canberra
84.8%
Cologne
63.3%
Cali
52.6%
Chongqing
19.1%

You're not logged in!

Compare scores with friends on all Sporcle quizzes.
OR
Log In

Sporcle TV

Today on Sporcle TV


Watch our educational content, quiz creation guides, and fun videos on Sporcle TV.

Show Comments

Extras

Top Quizzes Today


Score Distribution

Your Account Isn't Verified!

In order to create a playlist on Sporcle, you need to verify the email address you used during registration. Go to your Sporcle Settings to finish the process.

Report this User

Report this user for behavior that violates our Community Guidelines.

Details: